LEADER 00908nam1 2200325 450 001 990006077980203316 005 20150925105150.0 035 $a000607798 035 $aUSA01000607798 035 $a(ALEPH)000607798USA01 035 $a000607798 100 $a20150925d--------km-y0itay50------ba 101 0 $aita 102 $aIT 105 $a||||||||001yy 200 1 $aOpere di Giosue Carducci$eedizione popolare 210 $aBologna$cZanichelli 215 $avolumi$d17 cm 463 \1$1001990006077990203316$12001 $aGaribaldi$eprose 676 $a851.8 700 1$aCARDUCCI,$bGiosuč$0439461 801 0$aIT$bsalbc$gISBD 912 $a990006077980203316 951 $aXV.9.M. 1208/$bMAR$cXV.9.M. 959 $aBK 969 $aMAR 979 $aIANNONE$b90$c20150925$lUSA01$h1051 979 $aANNAMARIA$b90$c20160129$lUSA01$h1002 996 $aOpere di Giosuč Carducci$994658 997 $aUNISA LEADER 01073nam--2200361---450- 001 990005978390203316 005 20141107093857.0 010 $a978-88-204-1667-6 035 $a000597839 035 $aUSA01000597839 035 $a(ALEPH)000597839USA01 035 $a000597839 100 $a20041112d2014----km-y0enga50------ba 101 0 $aita 102 $aIT 105 $ay|||z|||001yy 200 1 $aPolitica e mutamento generazionale$euno studio di caso$ela cultura politica dei giovani amministratori del Lazio$fFlaminia Saccŕ 210 $aMilano$cAngeli$d2014 215 $a163 p.$d23 cm 225 2 $aSociologia$v754 410 $aSociologia$v754 606 0 $aPolitica$xSociologia 676 $a306.2 700 1$aSACCÁ,$bFlaminia$0506562 801 0$aIT 912 $a990005978390203316 951 $aII.5. 7905$b247419 L.M.$cII.5.$d358332 959 $aBK 969 $aUMA 979 $aPASSARO$b90$c20141107$lUSA01$h0937 979 $aPASSARO$b90$c20141107$lUSA01$h0938 996 $aPolitica e mutamento generazionale$91079550 997 $aUNISA